5HLuxD.jpg

KING HENRY VIII SENIOR AND PRIMARY SCHOOL LIBRARY OPAC

Goggle-eyes (Record no. 1453)

000 -LEADER
fixed length control field 00809cam a2200229 a 4500
001 - CONTROL NUMBER
control field 3027037
003 - CONTROL NUMBER IDENTIFIER
control field OSt
005 - DATE AND TIME OF LATEST TRANSACTION
control field 20221229214634.0
008 - FIXED-LENGTH DATA ELEMENTS--GENERAL INFORMATION
fixed length control field 020610s1990 enk 00011 eng
020 ## - INTERNATIONAL STANDARD BOOK NUMBER
International Standard Book Number 9780140340716
040 ## - CATALOGING SOURCE
Original cataloging agency TML
Language of cataloging eng
Transcribing agency TML
Modifying agency KH8
041 0# - LANGUAGE CODE
Language code of text/sound track or separate title eng
082 00 - DEWEY DECIMAL CLASSIFICATION NUMBER
Classification number 823.914 FIN
100 10 - MAIN ENTRY--PERSONAL NAME
Personal name Fine, Anne.
Relator term author
245 10 - TITLE STATEMENT
Title Goggle-eyes
Statement of responsibility, etc. Anne Fine.
260 0# - PUBLICATION, DISTRIBUTION, ETC.
Place of publication, distribution, etc. London
Name of publisher, distributor, etc. Puffin Books
Date of publication, distribution, etc. 1990.
300 ## - PHYSICAL DESCRIPTION
Extent 154 p
Dimensions 20cm.
520 ## - SUMMARY, ETC.
Summary, etc. Kitty Killin is not only a good story-teller, but also the world's great expert when it comes to mothers having new and unwanted boyfriends. Particularly when there's a danger they might turn into new and unwanted stepfathers.
650 ## - SUBJECT ADDED ENTRY--TOPICAL TERM
Source of heading or term Children's stories
Form subdivision Juvenile works
651 ## - SUBJECT ADDED ENTRY--GEOGRAPHIC NAME
Source of heading or term Mères de famille monoparentale Romans,
942 ## - ADDED ENTRY ELEMENTS (KOHA)
Source of classification or shelving scheme
Koha item type Books - Non Ficton
Holdings
Withdrawn status Lost status Source of classification or shelving scheme Damaged status Not for loan Collection code Permanent Location Current Location Shelving location Date acquired Total Checkouts Full call number Barcode Date last seen Date last checked out Price effective from Koha item type
          Non-Fiction KH8 Primary School Library KH8 Primary School Library Non Fiction 2022-12-29 1 823.914 FIN KHPL000003232 2025-12-05 2023-03-28 2022-12-29 Books - Non Ficton

Powered By KH8 IT Dept